00471 a2200157 450000500170000001000150001702000310003203500140006303700130007708200100009024500660010026000300016627000690019630000220026570000260028720211227122428.0 aENG-130671 a978-93-5290-875-2c1195.00 aEN-114203 bDBAD/PUB a891.4 aCaste and Life Narratives:cEdited by S. Shankar, Charu Gupta aDelhibPrimus Booksc2019 aVirat Bhawan, Mukherjee Nagar, Commercial ComplexbDelhie110009 a313p.c24cm (hbk) aEdited by Charu Gupta